| 000 | 00476nam a2200145Ia 4500 | ||
|---|---|---|---|
| 008 | 170224s9999 xx 000 0 und d | ||
| 100 | _aDerek Bryce | ||
| 245 | _aDomesticating fears and fantasies of ‘the East’: integrating the Ottoman legacy within European heritage | ||
| 245 | _cDerek Bryce & Senija Čaušević | ||
| 260 | _bJournal of Marketing Research | ||
| 260 | _c2016 | ||
| 300 | _a32:15-16,Pages: 1419-1440 | ||
| 500 | _aNovember | ||
| 650 | _xMarketing. | ||
| 999 |
_c315967 _d315967 |
||